|
|
|
|
| LEADER |
00000nam0a2200000 4500 |
| 001 |
137027 |
| 005 |
20231031140852.0 |
| 010 |
|
|
|a 5020143731
|
| 020 |
|
|
|a RU
|b 91-45624
|
| 035 |
|
|
|a (RuTPU)RU\TPU\book\148513
|
| 090 |
|
|
|a 137027
|
| 100 |
|
|
|a 20080503d1991 k y0rusy5003 ca
|
| 101 |
0 |
|
|a rus
|
| 102 |
|
|
|a RU
|
| 105 |
|
|
|a a z 001zy
|
| 200 |
1 |
|
|a Электрон в сильном световом поле
|f М. В. Федоров
|
| 210 |
|
|
|a Москва
|c Наука
|d 1991
|
| 215 |
|
|
|a 222, [1] с.
|c ил.
|d 22 см
|
| 320 |
|
|
|a Библиогр.: с. 216-221 (229 назв.)
|
| 610 |
1 |
|
|a атомы
|
| 610 |
1 |
|
|a фотоионизация
|
| 610 |
1 |
|
|a лазерное излучение
|
| 610 |
1 |
|
|a квантовые генераторы
|
| 610 |
1 |
|
|a электроны
|
| 610 |
1 |
|
|a световое поле
|
| 610 |
1 |
|
|a комптоновское рассеяние
|
| 610 |
1 |
|
|a лазеры
|
| 610 |
1 |
|
|a электроны
|
| 610 |
1 |
|
|a лазерное ускорение
|
| 610 |
1 |
|
|a волновые пакеты
|
| 675 |
|
|
|a 621.373.826.01
|z rus
|
| 700 |
|
1 |
|a Федоров
|b М. В.
|g Михаил Владимирович
|4 070
|
| 801 |
|
0 |
|a RU
|b RuMRKP
|c 19950417
|g psbo
|
| 801 |
|
1 |
|a RU
|b 63413507
|c 20080503
|g PSBO
|
| 801 |
|
2 |
|a RU
|b 63413507
|c 20090503
|g PSBO
|
| 942 |
|
|
|c BK
|